00553nam a2200193Ia 4500008004100000050001300041050001500054100001900069245007200088245001900160260003100179260001000210260001000220300001500230300002000245300001100265500005600276521002700332170504s9999 xx 000 0 und d aQA 76.5  b.Ec18 2016 aEchano, Ivy M. aInventory system of hopkins international partners, incorporation / cIvy M. Echano. aLas Piñas, Philippines : bSISC, c2016. a95 pages : billustrations ; c28 cm. aIncludes bibliographical references and appendices. aInformation Technology